Quiz o Gibraltarze - Statystyki

Ogólne statystyki
  • Ten quiz został rozwiązany 68 razy
  • Średni wynik to 4 z 10
Statystyki odpowiedzi
Hint Odpowiedź % Poprawnych
Gibraltar graniczy z ... Hiszpanią
100%
Stolica Gibraltaru jest... Gibraltar
89%
Gibraltar jest terytorium zależnym... Wielkiej Brytanii
76%
Średnia temperatura to... °C 18
19%
Położony jest nad... Zatoka Gibraltarską
16%
Jego powierzchnia to około... 7 km2
14%
Charakterystyczny obiekt to... Skała Gibraltarska
14%
Zamieszkuje go około...ludzi 34 000
11%
Na fladze widnieje... Czerwony zamek oraz złoty klucz
8%
Powstał w... 1713r.
5%
Nie znaleziono quizów pasujących do podanych kryteriów
Rozkład punktacji
Procent ludzi z każdym wynikiem
Percentyl według liczby udzielonych odpowiedzi
Twoja historia wyników
Nie rozwiązałeś tego quizu